[Event "CAN-op"]
[Site "Ottawa CAN"]
[Date "2007.07.15"]
[Round "10"]
[White "Hambleton, Aman"]
[Black "Davies, Lucas"]
[Result "0-1"]
[WhiteElo "2066"]
[BlackElo "2200"]
[PlyCount "110"]
[EventDate "2007.07.07"]
[EventType "swiss"]
[EventRounds "10"]
[EventCountry "CAN"]

1. d4 Nf6 2. c4 g6 3. Nc3 Bg7 4. e4 d6 5. f3 O-O 6. Be3 Nc6 7. Nge2 a6 8. Qd2
Rb8 9. d5 Ne5 10. Nd4 c5 11. Nc2 e6 12. a4 exd5 13. cxd5 Bd7 14. Na3 Qe8 15. a5
b5 16. axb6 Rxb6 17. h3 Bb5 18. f4 Ned7 19. Bd3 Bxd3 20. Qxd3 Rxb2 21. O-O Rb3
22. Rfb1 Rxc3 23. Qxc3 Nxe4 24. Qd3 Bxa1 25. Rxa1 f5 26. Nc4 Qc8 27. Bc1 Qb7
28. Rb1 Qc7 29. Nd2 Nxd2 30. Bxd2 c4 31. Qf3 Nf6 32. Be3 Rb8 33. Rxb8+ Qxb8 34.
Bd4 Ne4 35. Qd1 Qb3 36. Qa1 Qb5 37. Kh2 Qxd5 38. Bh8 Qb7 39. Bd4 Qc8 40. Qa2
Kf8 41. Ba1 c3 42. Qd5 c2 43. Bb2 c1=Q 44. Bxc1 Qxc1 45. Qa8+ Kg7 46. Qa7+ Kh6
47. Qe7 Qxf4+ 48. Kg1 Qe5 49. Qh4+ Kg7 50. Qd8 Qf6 51. Qc7+ Qf7 52. Qb6 d5 53.
Qxa6 Qd7 54. Qd3 d4 55. Kh2 Qc7+ 0-1

[Event "CYCC U16 playoff"]
[Site "Ottawa CAN"]
[Date "2007.07.06"]
[Round "1"]
[White "Hambleton, Aman"]
[Black "Xu, Haizhou"]
[Result "1/2-1/2"]
[WhiteElo "2066"]
[BlackElo "1349"]
[PlyCount "77"]
[EventDate "2007.07.06"]
[EventCountry "CAN"]

1. e4 e6 2. d4 d5 3. Nc3 Bb4 4. e5 c5 5. Bd2 Nc6 6. a3 Bxc3 7. Bxc3 cxd4 8.
Bxd4 Nge7 9. Nf3 Nxd4 10. Qxd4 Bd7 11. Bd3 Qc7 12. Qg4 Ng6 13. Qg3 Qb6 14. O-O
O-O-O 15. b4 Bb5 16. Rfc1 Bxd3 17. cxd3+ Kb8 18. h4 h6 19. Rc5 Ne7 20. Rac1 Nf5
21. Qf4 h5 22. Nd4 Nxd4 23. Qxd4 Rc8 24. Rxc8+ Rxc8 25. Rxc8+ Kxc8 26. Qxb6
axb6 27. d4 b5 28. Kh2 Kd7 29. Kg3 Ke7 30. Kf4 f6 31. f3 Kf7 32. g4 Kg6 33.
exf6 gxf6 34. Kg3 e5 35. dxe5 fxe5 36. g5 Kf5 37. Kf2 Kg6 38. Ke3 Kf5 39. Kd3
1/2-1/2

[Event "CYCC U16"]
[Site "Ottawa CAN"]
[Date "2007.07.03"]
[Round "2"]
[White "Trandafir, Stefan"]
[Black "Hambleton, Aman"]
[Result "1/2-1/2"]
[WhiteElo "1925"]
[BlackElo "2066"]
[PlyCount "75"]
[EventDate "2007.07.03"]
[EventType "swiss"]
[EventRounds "7"]
[EventCountry "CAN"]

1. d4 Nf6 2. c4 c5 3. d5 b5 4. cxb5 a6 5. Nc3 axb5 6. Nxb5 Ba6 7. Nc3 d6 8. e4
Bxf1 9. Kxf1 g6 10. h4 Bg7 11. Nge2 Nbd7 12. Rh3 Qb6 13. Nf4 h5 14. Qc2 Ne5 15.
b3 O-O 16. Bb2 Rab8 17. Nd1 Nfd7 18. Nd3 Rfc8 19. Nxe5 Nxe5 20. f4 Ng4 21. Bxg7
Kxg7 22. Qc3+ Kg8 23. Ne3 Nxe3+ 24. Rxe3 c4 25. Rae1 cxb3 26. Qxb3 Qa6+ 27. Qd3
Qxa2 28. R3e2 Rb2 29. Kf2 Rcc2 30. Rxc2 Rxc2+ 31. Re2 Rxe2+ 32. Qxe2 Qa1 33. g3
Qh1 34. Qf3 Qh3 35. Qg2 Qd7 36. Qf3 e6 37. Qd3 Qe7 38. Qd4 1/2-1/2

[Event "CYCC U16"]
[Site "Ottawa CAN"]
[Date "2007.07.04"]
[Round "3"]
[White "Hambleton, Aman"]
[Black "Kaminski, Victor"]
[Result "0-1"]
[WhiteElo "2066"]
[BlackElo "2306"]
[PlyCount "96"]
[EventDate "2007.07.03"]
[EventType "swiss"]
[EventRounds "7"]
[EventCountry "CAN"]

1. c4 c5 2. Nc3 Nc6 3. g3 g6 4. Bg2 Bg7 5. d3 e6 6. e4 Nge7 7. Nge2 O-O 8. O-O
a6 9. Be3 Nd4 10. f4 d6 11. Rb1 Nec6 12. Qd2 Rb8 13. g4 f5 14. gxf5 gxf5 15.
Ng3 Bd7 16. exf5 Nxf5 17. Nxf5 Rxf5 18. Ne4 Qe7 19. Rbe1 Nd4 20. Ng3 Rf7 21. f5
Kh8 22. Kh1 Be5 23. fxe6 Bxe6 24. Rxf7 Qxf7 25. Rf1 Qg8 26. Bf4 Qg7 27. Nh5 Qg6
28. Bxe5+ dxe5 29. Ng3 Nf5 30. Nxf5 Bxf5 31. Qe3 Re8 32. Qxc5 b6 33. Qd5 Bxd3
34. Rd1 Bf5 35. Re1 Qe6 36. Qf3 Bg6 37. Qc3 Qd6 38. b3 Qd4 39. Qf3 e4 40. Qf4
Qe5 41. Qe3 b5 42. c5 b4 43. c6 Qc3 44. c7 Qxc7 45. Qd4+ Qe5 46. Qxb4 e3 47.
Qb7 Qc3 48. Rg1 e2 0-1

[Event "CYCC U16"]
[Site "Ottawa CAN"]
[Date "2007.07.04"]
[Round "4"]
[White "Brown, Gabriel"]
[Black "Hambleton, Aman"]
[Result "0-1"]
[WhiteElo "1937"]
[BlackElo "2066"]
[PlyCount "100"]
[EventDate "2007.07.03"]
[EventType "swiss"]
[EventRounds "7"]
[EventCountry "CAN"]

1. c4 Nf6 2. g3 d5 3. Bg2 e6 4. d4 c6 5. Nf3 dxc4 6. Ne5 Bb4+ 7. Nc3 Nd5 8. Bd2
b5 9. a4 Bxc3 10. bxc3 Bb7 11. Rb1 Ba6 12. Nxc6 Nxc6 13. axb5 Nxd4 14. cxd4 Bb7
15. O-O O-O 16. Bb4 Re8 17. Bxd5 Qxd5 18. f3 Qxb5 19. Bc5 Qd7 20. Qc2 e5 21.
Qxc4 exd4 22. Qxd4 Qxd4+ 23. Bxd4 Ba6 24. Rfe1 Rxe2 25. Bxa7 h6 26. Bf2 Rxe1+
27. Rxe1 Bb7 28. f4 Ra2 29. Rb1 Be4 30. Re1 f5 31. Rc1 g5 32. fxg5 hxg5 33. h4
gxh4 34. gxh4 Kh7 35. Be3 Kg6 36. Bg5 Kh5 37. Rd1 Rg2+ 38. Kf1 Rh2 39. Rd2 Rh1+
40. Kf2 Kg4 41. Ke3 Rh3+ 42. Kd4 Ra3 43. Rf2 Bf3 44. Ke5 Ra5+ 45. Kd4 Ra4+ 46.
Ke5 Re4+ 47. Kf6 f4 48. Bxf4 Rxf4+ 49. Ke5 Rf5+ 50. Ke6 Bd5+ 0-1

[Event "CYCC U16"]
[Site "Ottawa CAN"]
[Date "2007.07.05"]
[Round "5"]
[White "Hambleton, Aman"]
[Black "Ang, Alan"]
[Result "1-0"]
[WhiteElo "2066"]
[BlackElo "2050"]
[PlyCount "57"]
[EventDate "2007.07.03"]
[EventType "swiss"]
[EventRounds "7"]
[EventCountry "CAN"]

1. d4 Nf6 2. c4 g6 3. Nc3 Bg7 4. e4 d6 5. f3 O-O 6. Be3 Nbd7 7. Nge2 c5 8. Qd2
a6 9. O-O-O Qa5 10. Kb1 b5 11. dxc5 b4 12. Nd5 Nxd5 13. Qxd5 b3 14. a3 Rb8 15.
cxd6 Qxd5 16. cxd5 exd6 17. Nd4 Nc5 18. Nc6 Rb6 19. Rc1 Bb7 20. Rxc5 dxc5 21.
Bxc5 Rxc6 22. Bxf8 Rc2 23. Bxg7 Kxg7 24. Rg1 a5 25. Bd3 Rd2 26. Bc4 a4 27. Bb5
Rd4 28. Kc1 Kf6 29. Rd1 1-0

[Event "CYCC U16"]
[Site "Ottawa CAN"]
[Date "2007.07.05"]
[Round "6"]
[White "Lai, Matthew"]
[Black "Hambleton, Aman"]
[Result "0-1"]
[WhiteElo "1877"]
[BlackElo "2066"]
[PlyCount "90"]
[EventDate "2007.07.03"]
[EventType "swiss"]
[EventRounds "7"]
[EventCountry "CAN"]

1. e4 e6 2. d4 d5 3. Nc3 Bb4 4. e5 c5 5. a3 Bxc3+ 6. bxc3 Nc6 7. Nf3 Nge7 8. h4
h6 9. h5 Qa5 10. Bd2 Qa4 11. Qb1 a6 12. Be3 Nf5 13. Qd1 cxd4 14. cxd4 Nxe3 15.
fxe3 Bd7 16. c4 Qa5+ 17. Qd2 dxc4 18. Bxc4 b5 19. Bd3 Ke7 20. Kf2 Qxd2+ 21.
Nxd2 Na5 22. Rhc1 Rhc8 23. Be4 Rxc1 24. Rxc1 Rc8 25. Rxc8 Bxc8 26. Bf3 Bb7 27.
e4 Nc6 28. Ke3 Kd7 29. Nb3 Kc7 30. Kf4 Ne7 31. g4 Kb6 32. g5 hxg5+ 33. Kxg5 a5
34. h6 gxh6+ 35. Kf6 Nf5 36. d5 a4 37. exf5 axb3 38. fxe6 fxe6 39. Kxe6 b2 40.
Be4 Kc5 41. d6 Bxe4 42. d7 Bf5+ 43. Kxf5 b1=Q+ 44. Ke6 Qg6+ 45. Ke7 Qg7+ 0-1

[Event "CYCC U16"]
[Site "Ottawa CAN"]
[Date "2007.07.06"]
[Round "7"]
[White "Zhou, Haonan"]
[Black "Hambleton, Aman"]
[Result "1/2-1/2"]
[WhiteElo "2016"]
[BlackElo "2066"]
[PlyCount "60"]
[EventDate "2007.07.03"]
[EventType "swiss"]
[EventRounds "7"]
[EventCountry "CAN"]

1. d4 Nf6 2. c4 e5 3. dxe5 Ng4 4. Bf4 Nc6 5. Nf3 Bb4+ 6. Nbd2 Qe7 7. e3 Ngxe5
8. Nxe5 Nxe5 9. Be2 d6 10. O-O Bxd2 11. Qxd2 O-O 12. Rfd1 a5 13. Qc3 Nd7 14.
Bf3 Nc5 15. b3 Bf5 16. Rd5 Be4 17. Bxe4 Nxe4 18. Qb2 f5 19. h3 g5 20. Bh2 Rf6
21. a3 Raf8 22. b4 g4 23. hxg4 fxg4 24. Bf4 g3 25. fxg3 Rg6 26. Rxa5 Nxg3 27.
Bxg3 Rxg3 28. Qd4 Rxe3 29. Qg4+ Kh8 30. Qd4+ Kg8 1/2-1/2

[Event "Scarborough CC Spring Swiss"]
[Site "Toronto CAN"]
[Date "2007.03.22"]
[Round "2"]
[White "Tursman, Richard"]
[Black "Hambleton, Aman"]
[Result "0-1"]
[WhiteElo "1498"]
[BlackElo "2113"]
[PlyCount "66"]
[EventDate "2007.03.15"]
[EventType "swiss"]
[EventRounds "8"]
[EventCountry "CAN"]

1. e4 e6 2. d4 d5 3. Be3 dxe4 4. Nd2 Nf6 5. f3 Nd5 6. Qe2 Nxe3 7. Qxe3 exf3 8.
Ngxf3 Be7 9. Bd3 Nd7 10. O-O c5 11. c3 cxd4 12. cxd4 Nf6 13. h3 Nd5 14. Qf2 O-O
15. Ne5 Bf6 16. Ndf3 b6 17. Ng4 Bb7 18. Nxf6+ Qxf6 19. Qd2 Qf4 20. Qxf4 Nxf4
21. Ne5 Nxd3 22. Nxd3 Ba6 23. Rfd1 Bxd3 24. Rxd3 Rfd8 25. Rc1 Rd7 26. Rdc3 g6
27. Kf2 Rxd4 28. Ke3 Rd7 29. Ke4 Rad8 30. Ke5 Kg7 31. R1c2 Rd4 32. Rc5 f6+ 33.
Kxe6 Re8# 0-1

[Event "Scarborough CC Spring Swiss"]
[Site "Toronto CAN"]
[Date "2007.03.29"]
[Round "3"]
[White "Hambleton, Aman"]
[Black "Muir, Tom"]
[Result "1-0"]
[WhiteElo "2113"]
[BlackElo "1594"]
[PlyCount "77"]
[EventDate "2007.03.15"]
[EventType "swiss"]
[EventRounds "8"]
[EventCountry "CAN"]

1. d4 Nf6 2. c4 b6 3. Nf3 Bb7 4. g3 e6 5. Bg2 Be7 6. O-O O-O 7. b3 d5 8. Nbd2
Nbd7 9. Bb2 c5 10. e3 Rc8 11. Rc1 Ne4 12. Qe2 Nxd2 13. Nxd2 cxd4 14. Bxd4 Bc5
15. Bxc5 bxc5 16. Rfd1 Qc7 17. cxd5 exd5 18. Nb1 Nf6 19. Nc3 Rfd8 20. Na4 Qe7
21. Qb5 Qd7 22. Qxd7 Rxd7 23. Rxc5 Rcd8 24. Rc2 Rc8 25. Rcd2 Rdc7 26. b4 Rc1
27. Nc5 Rxd1+ 28. Rxd1 Ba8 29. Rb1 Re8 30. Nb3 Ne4 31. Rc1 Rb8 32. Rc7 a6 33.
Ra7 Bb7 34. Na5 Bc8 35. Nc6 Rb6 36. Ne7+ Kf8 37. Nxc8 Rxb4 38. Bxe4 dxe4 39.
Nd6 1-0

[Event "Scarborough CC Spring Swiss"]
[Site "Toronto CAN"]
[Date "2007.04.19"]
[Round "6"]
[White "Hambleton, Aman"]
[Black "Paterson, Jim"]
[Result "0-1"]
[WhiteElo "2113"]
[BlackElo "1916"]
[PlyCount "96"]
[EventDate "2007.03.15"]
[EventType "swiss"]
[EventRounds "8"]
[EventCountry "CAN"]

1. d4 e6 2. c4 Nf6 3. Nc3 c5 4. d5 exd5 5. cxd5 a6 6. a4 d6 7. e4 g6 8. Nf3 Bg7
9. Be2 O-O 10. O-O Re8 11. Nd2 Nbd7 12. f4 Rb8 13. Qc2 Qa5 14. Nc4 Qc7 15. e5
dxe5 16. d6 Qd8 17. fxe5 Nxe5 18. Nxe5 Rxe5 19. Bf4 Qxd6 20. Rad1 Qe7 21. Bxe5
Qxe5 22. Rd8+ Ne8 23. Qd2 Be6 24. Rd1 Bf6 25. Rxb8 Qxb8 26. Bf3 b5 27. axb5
axb5 28. Ne2 Qe5 29. Ra1 Bg5 30. Qc3 Qxc3 31. Nxc3 b4 32. Nd5 Nd6 33. Ra5 Bc1
34. b3 Bb2 35. Kf1 Bd4 36. Ra8+ Kg7 37. Rd8 Nf5 38. Ke2 Bg1 39. Kd3 Bxh2 40. g4
Nd4 41. Bd1 Nc6 42. Ra8 Bxd5 43. Rc8 Bg1 44. Rc7 Ne5+ 45. Kc2 Bf3 46. Bxf3 Nxf3
47. Re7 Kf6 48. Re4 g5 0-1

[Event "Scarborough CC Spring Swiss"]
[Site "Toronto CAN"]
[Date "2007.04.26"]
[Round "7"]
[White "Rutherdale, William"]
[Black "Hambleton, Aman"]
[Result "1-0"]
[WhiteElo "1915"]
[BlackElo "2113"]
[PlyCount "69"]
[EventDate "2007.03.15"]
[EventType "swiss"]
[EventRounds "8"]
[EventCountry "CAN"]

1. c4 Nf6 2. Nf3 g6 3. g3 Bg7 4. Bg2 O-O 5. Nc3 c5 6. b3 d5 7. cxd5 Nxd5 8. Bb2
Nc6 9. O-O e6 10. Rc1 b6 11. d3 Bb7 12. Qd2 Qd7 13. Rfd1 Rfd8 14. Nxd5 Qxd5 15.
Bxg7 Kxg7 16. Rc4 Nd4 17. Ne1 Qd7 18. Bxb7 Qxb7 19. Qb2 f6 20. b4 Qd5 21. Rdc1
Qe5 22. Kf1 Qh5 23. h4 Nc6 24. Nf3 Nxb4 25. Rxb4 cxb4 26. Rc7+ Kh6 27. Qxf6 Qf5
28. Qg7+ Kh5 29. Ne5 Qh3+ 30. Kg1 Rh8 31. Nf7 Qf5 32. Qh6+ Kg4 33. Rc4+ Kh3 34.
Ng5+ Qxg5 35. hxg5# 1-0

[Event "Fall Pro-Am"]
[Site "Guelph CAN"]
[Date "2006.11.05"]
[Round "4"]
[White "Hambleton, Aman"]
[Black "Chung, Kevin"]
[Result "1/2-1/2"]
[WhiteElo "1995"]
[BlackElo "2217"]
[PlyCount "73"]
[EventDate "2006.11.04"]
[EventType "swiss"]
[EventRounds "5"]
[EventCountry "CAN"]

1. d4 e6 2. c4 d5 3. Nc3 Nf6 4. Bg5 Be7 5. e3 h6 6. Bh4 O-O 7. Nf3 b6 8. Bd3
Bb7 9. Qe2 Nbd7 10. O-O dxc4 11. Bxc4 Ne4 12. Bxe7 Qxe7 13. Nxe4 Bxe4 14. Nd2
Bb7 15. Rac1 a6 16. a3 c5 17. dxc5 Nxc5 18. b4 Nd7 19. Bb3 Rac8 20. Rfd1 Rxc1
21. Rxc1 Nf6 22. Nf1 Rd8 23. Ng3 Qd6 24. Rd1 Qc7 25. Rxd8+ Qxd8 26. f3 Qd6 27.
Kf2 Nd5 28. Bxd5 Qxd5 29. Qc2 Bc6 30. Ne2 Qd6 31. Nd4 Bd7 32. h3 g6 33. Ne2 Bc6
34. Qc4 Bb7 35. Qf4 Qxf4 36. Nxf4 Kf8 37. Ke2 1/2-1/2

[Event "Fall Pro-Am"]
[Site "Guelph CAN"]
[Date "2006.11.05"]
[Round "5"]
[White "Zubac, Marius"]
[Black "Hambleton, Aman"]
[Result "1/2-1/2"]
[WhiteElo "2154"]
[BlackElo "1995"]
[PlyCount "101"]
[EventDate "2006.11.04"]
[EventType "swiss"]
[EventRounds "5"]
[EventCountry "CAN"]

1. d4 Nf6 2. c4 g6 3. Nc3 d5 4. cxd5 Nxd5 5. e4 Nxc3 6. bxc3 Bg7 7. Bc4 O-O 8.
Ne2 c5 9. Be3 cxd4 10. cxd4 Nc6 11. h4 h5 12. Rc1 Na5 13. Bd3 b6 14. Qd2 Qd7
15. Bh6 Bb7 16. Bxg7 Kxg7 17. f3 Rac8 18. O-O Rfd8 19. Qg5 e6 20. e5 Nc6 21.
Bb5 Qe7 22. Bxc6 Qxg5 23. hxg5 Bxc6 24. Kf2 Bb5 25. Rxc8 Rxc8 26. Rc1 Rxc1 27.
Nxc1 Bc4 28. g3 Kf8 29. Ke3 Ke7 30. Kd2 Kd7 31. Kc3 b5 32. Kb4 Kc6 33. Ka5 Kd5
34. Nb3 Be2 35. Ka6 Bxf3 36. Kxa7 Ke4 37. Kb6 Be2 38. Kc5 Kf3 39. d5 exd5 40.
Nd4+ Ke3 41. Nxe2 Kxe2 42. Kxd5 Kf3 43. Kd6 Kxg3 44. Ke7 Kf4 45. Kxf7 Kxe5 46.
Kxg6 h4 47. Kf7 h3 48. g6 h2 49. g7 h1=Q 50. g8=Q Qd5+ 51. Kg7 1/2-1/2

[Event "Scarborough CC Late Fall Swiss"]
[Site "Toronto CAN"]
[Date "2006.11.02"]
[Round "1"]
[White "Hambleton, Aman"]
[Black "Karpik, Steve"]
[Result "1-0"]
[WhiteElo "1995"]
[BlackElo "1488"]
[PlyCount "77"]
[EventDate "2006.11.02"]
[EventType "swiss"]
[EventRounds "8"]
[EventCountry "CAN"]

1. d4 Nf6 2. c4 g6 3. Nc3 Bg7 4. e4 d6 5. f3 O-O 6. Be3 a6 7. Qd2 Nc6 8. O-O-O
e5 9. d5 Na7 10. h4 Nh5 11. Qf2 b6 12. g4 Nf4 13. Nge2 Qf6 14. Qh2 Nxe2+ 15.
Bxe2 Qe7 16. Rdg1 Bd7 17. g5 b5 18. Qf2 c5 19. dxc6 Nxc6 20. Nd5 Qd8 21. h5 Nd4
22. Bxd4 exd4 23. hxg6 fxg6 24. Qh2 Kf7 25. Qxd6 Be6 26. Qf4+ Ke8 27. Qg3 Rh8
28. Nc7+ Ke7 29. Nxa8 Qxa8 30. Qc7+ Bd7 31. Kb1 Rc8 32. Qb6 Rc6 33. Qa5 bxc4
34. Rxh7 Kf8 35. Qb4+ Kg8 36. Bxc4+ Kxh7 37. Rh1+ Bh6 38. Rxh6+ Kg7 39. Qe7#
1-0

[Event "Scarborough CC Late Fall Swiss"]
[Site "Toronto CAN"]
[Date "2006.11.09"]
[Round "2"]
[White "Armstrong, Robert J"]
[Black "Hambleton, Aman"]
[Result "0-1"]
[WhiteElo "1672"]
[BlackElo "2031"]
[PlyCount "92"]
[EventDate "2006.11.02"]
[EventType "swiss"]
[EventRounds "8"]
[EventCountry "CAN"]

1. d4 Nf6 2. c4 c5 3. d5 b5 4. cxb5 a6 5. Nc3 axb5 6. Nxb5 Ba6 7. Nc3 d6 8. Nf3
g6 9. e4 Bxf1 10. Kxf1 Nbd7 11. g3 Bg7 12. Kg2 O-O 13. Re1 Ra6 14. Bf4 Qa8 15.
Qd2 Rb8 16. e5 dxe5 17. Nxe5 Nxe5 18. Bxe5 Rd8 19. Bxf6 Bxf6 20. Kg1 e6 21. Ne4
Bg7 22. a3 Rxd5 23. Qc2 Bd4 24. Rac1 Rb6 25. Nc3 Rd8 26. Na4 Rb5 27. Nc3 Ra5
28. Red1 Rb8 29. Qd2 Ra6 30. Rc2 Rab6 31. Rb1 Rb3 32. Qc1 Qf3 33. Na4 R8b5 34.
Qg5 Kg7 35. Qc1 e5 36. Qf1 e4 37. Qg2 Qd3 38. Rcc1 e3 39. Rd1 Qc4 40. Nxc5
exf2+ 41. Kh1 Qxc5 42. Qe4 Rxb2 43. Rf1 Bf6 44. Kg2 Qxa3 45. Rxf2 Rxf2+ 46.
Kxf2 Qa2+ 0-1

[Event "Scarborough CC Late Fall Swiss"]
[Site "Toronto CAN"]
[Date "2006.11.16"]
[Round "3"]
[White "Hambleton, Aman"]
[Black "Rapoport, Alexander"]
[Result "0-1"]
[WhiteElo "2031"]
[BlackElo "1917"]
[PlyCount "30"]
[EventDate "2006.11.02"]
[EventType "swiss"]
[EventRounds "8"]
[EventCountry "CAN"]

1. d4 d5 2. Nf3 e6 3. c4 c6 4. e3 f5 5. Nc3 Nf6 6. Bd3 Bd6 7. Qc2 Ne4 8. O-O
O-O 9. b3 Nd7 10. Bb2 Rf6 11. Nd2 Bxh2+ 12. Kh1 Nxd2 13. Kxh2 Rh6+ 14. Kg1 Nf3+
15. gxf3 Qg5# 0-1

[Event "Scarborough CC Late Fall Swiss"]
[Site "Toronto CAN"]
[Date "2006.11.23"]
[Round "4"]
[White "Manalo, Pepin"]
[Black "Hambleton, Aman"]
[Result "0-1"]
[WhiteElo "1720"]
[BlackElo "2031"]
[PlyCount "90"]
[EventDate "2006.11.02"]
[EventType "swiss"]
[EventRounds "8"]
[EventCountry "CAN"]

1. e4 e6 2. f4 d5 3. e5 c5 4. Nf3 Ne7 5. Bb5+ Bd7 6. Qe2 a6 7. Bxd7+ Nxd7 8. c3
Qb6 9. O-O c4+ 10. Kh1 Nc5 11. Na3 Nf5 12. g4 Nh6 13. Nd4 Ne4 14. Nac2 Qc7 15.
g5 Nf5 16. Nxf5 exf5 17. Nd4 Qd7 18. d3 cxd3 19. Qxd3 Bc5 20. Be3 g6 21. Rad1
Rd8 22. Rf3 Kf8 23. Nc2 Kg7 24. Bxc5 Nxc5 25. Qd4 Ne6 26. Qf2 h6 27. gxh6+ Rxh6
28. Qg2 Rdh8 29. h3 Rh4 30. Ne3 Nxf4 31. Qg5 Rxh3+ 32. Rxh3 Rxh3+ 33. Kg1 Rg3+
34. Qxg3 Ne2+ 35. Kf2 Nxg3 36. Kxg3 Qa4 37. Rd4 Qxa2 38. Rb4 b5 39. Kf4 a5 40.
Rxb5 Qa4+ 41. b4 Qxb5 42. bxa5 Qa4+ 43. Kf3 Qe4+ 44. Kf2 f4 45. Ng4 Qd3 0-1

[Event "Scarborough CC Late Fall Swiss"]
[Site "Toronto CAN"]
[Date "2006.11.30"]
[Round "5"]
[White "Paterson, Jim"]
[Black "Hambleton, Aman"]
[Result "0-1"]
[WhiteElo "1828"]
[BlackElo "2031"]
[PlyCount "80"]
[EventDate "2006.11.02"]
[EventType "swiss"]
[EventRounds "8"]
[EventCountry "CAN"]

1. d4 Nf6 2. Nf3 b6 3. g3 Bb7 4. Bg2 e6 5. c4 Be7 6. Nc3 O-O 7. O-O d6 8. Qc2
c5 9. d5 e5 10. e4 Ne8 11. Be3 g6 12. Bh6 Ng7 13. Bh3 Bc8 14. Kg2 Bxh3+ 15.
Kxh3 f5 16. Bxg7 Kxg7 17. Kg2 Nd7 18. Rae1 a6 19. a4 h5 20. h4 Rf7 21. Qd2 Nf8
22. Ng5 Bxg5 23. Qxg5 Qd7 24. exf5 Rxf5 25. Qe3 Nh7 26. Ne4 Nf6 27. Nxf6 Rxf6
28. Qe4 Qxa4 29. f4 Raf8 30. fxe5 Rxf1 31. Rxf1 Rxf1 32. Kxf1 Qa1+ 33. Qe1
Qxe1+ 34. Kxe1 dxe5 35. Ke2 Kf6 36. Ke3 Ke7 37. Kf3 b5 38. cxb5 axb5 39. Ke3
Kd6 40. Ke4 c4 0-1

[Event "Scarborough CC Late Fall Swiss"]
[Site "Toronto CAN"]
[Date "2006.12.07"]
[Round "6"]
[White "Hambleton, Aman"]
[Black "Moysoski, Randy"]
[Result "1-0"]
[WhiteElo "2120"]
[BlackElo "1918"]
[PlyCount "94"]
[EventDate "2006.11.02"]
[EventType "swiss"]
[EventRounds "8"]
[EventCountry "CAN"]

1. d4 Nf6 2. c4 e5 3. dxe5 Ng4 4. Bf4 Nc6 5. Nf3 Bb4+ 6. Nbd2 Qe7 7. a3 Ngxe5
8. Nxe5 Nxe5 9. e3 Bxd2+ 10. Qxd2 d6 11. Be2 g5 12. Bg3 h5 13. h4 Bg4 14. hxg5
Bxe2 15. Qxe2 Qxg5 16. O-O-O Qg4 17. Qxg4 Nxg4 18. Rd5 O-O-O 19. Rdxh5 Rhg8 20.
Rh7 Rdf8 21. Kd2 Kd7 22. Ke2 Nf6 23. R7h4 Re8 24. Kf3 Kc6 25. Rf4 Rg6 26. Bh4
Nd7 27. g3 Ne5+ 28. Ke2 a6 29. Bf6 Nd7 30. Bd4 f6 31. Rh5 b6 32. b3 b5 33. Bc3
Nc5 34. b4 Nd7 35. Rhf5 Re6 36. Rh4 Nb6 37. cxb5+ axb5 38. Rhh5 d5 39. Bd4 Rd6
40. Bxb6 cxb6 41. Kd3 Rd7 42. Rh8 Ra7 43. Rc8+ Kd7 44. Rc3 Ke6 45. Rh5 Kd6 46.
Ke2 Rg8 47. Rd3 Rg5 1-0

[Event "Scarborough CC Late Fall Swiss"]
[Site "Toronto CAN"]
[Date "2006.12.14"]
[Round "7"]
[White "Lamb, Bryan"]
[Black "Hambleton, Aman"]
[Result "1-0"]
[WhiteElo "2169"]
[BlackElo "2120"]
[PlyCount "65"]
[EventDate "2006.11.02"]
[EventType "swiss"]
[EventRounds "8"]
[EventCountry "CAN"]

1. c4 Nf6 2. g3 e6 3. Nf3 b6 4. Bg2 Bb7 5. O-O Be7 6. Nc3 O-O 7. d4 d6 8. Qc2
c5 9. d5 e5 10. Ne1 Nfd7 11. e4 Ba6 12. b3 Bf6 13. Nd3 Re8 14. Bb2 Nf8 15. f4
exf4 16. e5 dxe5 17. d6 e4 18. Nxe4 Bxb2 19. Qxb2 Nbd7 20. Nxf4 Bb7 21. Nh5 Ne6
22. Nef6+ gxf6 23. Bxb7 Rb8 24. Bc6 Nd4 25. Bxd7 Re2 26. Qc3 f5 27. Rad1 Qg5
28. Rxf5 Qh6 29. Rxd4 cxd4 30. Qxd4 Qc1+ 31. Rf1 Qh6 32. Qg4+ Kh8 33. Qxe2 1-0

[Event "Scarborough CC Late Fall Swiss"]
[Site "Toronto CAN"]
[Date "2006.12.21"]
[Round "8"]
[White "Hambleton, Aman"]
[Black "Mesiti, Silvano"]
[Result "1-0"]
[WhiteElo "2120"]
[BlackElo "1726"]
[PlyCount "65"]
[EventDate "2006.11.02"]
[EventType "swiss"]
[EventRounds "8"]
[EventCountry "CAN"]

1. d4 d5 2. Nf3 Nc6 3. Bf4 Bf5 4. c3 Nf6 5. e3 a6 6. Nbd2 h6 7. Qb3 Qc8 8. c4
e6 9. Rc1 Bd6 10. cxd5 Nxd5 11. Bxd6 cxd6 12. e4 Nf6 13. exf5 exf5 14. d5 O-O
15. dxc6 Re8+ 16. Kd1 bxc6 17. Kc2 Ng4 18. Kb1 Nxf2 19. Bc4 Qd7 20. Rhf1 Ne4
21. Nxe4 Rxe4 22. Nd2 Ree8 23. Qh3 Re5 24. Bd3 g6 25. Qxh6 Rd5 26. Rf3 Rb8 27.
Rh3 Rxb2+ 28. Kxb2 Qb7+ 29. Nb3 Qxb3+ 30. axb3 f6 31. Qxg6+ Kf8 32. Rh8+ Ke7
33. Qe8# 1-0

[Event "CAN-ch U20 qual."]
[Site "Kitchener CAN"]
[Date "2006.07.08"]
[Round "1"]
[White "Oberton, Daniel"]
[Black "Hambleton, Aman"]
[Result "1-0"]
[WhiteElo "1780"]
[BlackElo "1975"]
[PlyCount "139"]
[EventDate "2006.07.03"]
[EventType "swiss"]
[EventRounds "4"]
[EventCountry "CAN"]

1. e4 e6 2. d4 d5 3. exd5 exd5 4. Nf3 Bd6 5. Bd3 Ne7 6. O-O Bg4 7. Bg5 f6 8.
Bh4 Nbc6 9. c3 Qd7 10. Nbd2 O-O-O 11. Qc2 g5 12. Bg3 h5 13. b4 Bxg3 14. fxg3
Nf5 15. Rae1 h4 16. gxh4 gxh4 17. Nb3 Nce7 18. Nc5 Qd6 19. Re6 Qf4 20. Qd2 Qxd2
21. Nxd2 h3 22. g3 Rdg8 23. Rxf6 Nxg3 24. hxg3 h2+ 25. Kh1 Bh3 26. R1f2 b6 27.
Ba6+ Kd8 28. Ne6+ Bxe6 29. Rxe6 Rxg3 30. Rxh2 Rhg8 31. Re1 Rxc3 32. Nb3 Nf5 33.
Rg2 Rxg2 34. Kxg2 Ne3+ 35. Kf2 Ng4+ 36. Ke2 Rc2+ 37. Kd3 Rxa2 38. Bb5 Nf2+ 39.
Ke3 Ne4 40. Bc6 Nf6 41. Kd3 Rg2 42. Re5 Rg3+ 43. Kc2 Rg2+ 44. Kb1 Rh2 45. Re6
Rf2 46. Nc1 Nd7 47. Nd3 Rf8 48. Ne5 Nb8 49. Bxd5 Re8 50. Nc6+ Nxc6 51. Rxe8+
Kxe8 52. Bxc6+ Ke7 53. Kc2 Kd6 54. d5 a5 55. Kb3 axb4 56. Kxb4 Ke5 57. Kc4 Kf6
58. Ba4 Ke5 59. Bb3 Kd6 60. Kb5 Kd7 61. Bd1 Kd6 62. Bf3 Kd7 63. Bg4+ Kd6 64.
Be6 Ke7 65. Kc6 Kd8 66. Bf5 b5 67. Kxb5 Ke7 68. Kc6 Kd8 69. Be6 Ke7 70. Kxc7
1-0

[Event "CAN-ch U20 qual."]
[Site "Kitchener CAN"]
[Date "2006.07.08"]
[Round "2"]
[White "Hambleton, Aman"]
[Black "Derraugh, Geordie"]
[Result "0-1"]
[WhiteElo "1975"]
[BlackElo "1888"]
[PlyCount "110"]
[EventDate "2006.07.03"]
[EventType "swiss"]
[EventRounds "4"]
[EventCountry "CAN"]

1. d4 Nf6 2. Nf3 g6 3. Bf4 d6 4. Nbd2 Bg7 5. e4 Nbd7 6. Bd3 O-O 7. Qe2 c5 8. c3
Re8 9. e5 Nh5 10. Bg3 dxe5 11. dxe5 Nb6 12. Bb5 Bd7 13. e6 fxe6 14. Ng5 e5 15.
Bxd7 Qxd7 16. Bxe5 Qf5 17. Ndf3 Bxe5 18. Qxe5 Nf4 19. O-O Na4 20. Ne4 b6 21. b3
Qxe5 22. Nxe5 Ne2+ 23. Kh1 Naxc3 24. Nxc3 Nxc3 25. Rfe1 e6 26. a4 Rad8 27. Rac1
Na2 28. Rc2 Nb4 29. Rce2 Nd3 30. Nxd3 Rxd3 31. Re3 Rxe3 32. Rxe3 Rd8 33. g3 Kf7
34. Kg2 Rd5 35. f4 Rd2+ 36. Kh3 h5 37. Rf3 Ke7 38. Re3 Kd6 39. Kh4 Rd5 40. h3
a6 41. g4 hxg4 42. hxg4 b5 43. axb5 axb5 44. Re1 c4 45. bxc4 bxc4 46. Rc1 Kc5
47. Re1 c3 48. Rxe6 c2 49. Re8 Kc4 50. Re1 Rd1 51. Re8 c1=Q 52. Rc8+ Kd5 53.
Rxc1 Rxc1 54. Kg5 Ke4 55. Kxg6 Kxf4 0-1

[Event "CAN-ch U20 qual."]
[Site "Kitchener CAN"]
[Date "2006.07.08"]
[Round "3"]
[White "Hambleton, Aman"]
[Black "Kaufman, Harris"]
[Result "1-0"]
[WhiteElo "1975"]
[BlackElo "1758"]
[PlyCount "57"]
[EventDate "2006.07.03"]
[EventType "swiss"]
[EventRounds "4"]
[EventCountry "CAN"]

1. Nf3 Nf6 2. c4 g6 3. g3 d5 4. cxd5 Nxd5 5. Bg2 Bg7 6. O-O c6 7. d4 O-O 8. e4
Nb6 9. h3 N8d7 10. Nc3 Re8 11. Qe2 e6 12. Rd1 Qe7 13. Be3 f5 14. Rac1 Nf6 15.
Ne5 fxe4 16. Nxe4 Nxe4 17. Bxe4 Nd5 18. f4 a5 19. Bf2 g5 20. fxg5 Bxe5 21. dxe5
Qxg5 22. h4 Qh6 23. Rc4 Re7 24. Bc5 Rg7 25. Bb1 Rxg3+ 26. Kh2 Qg7 27. Qf2 Bd7
28. Qxg3 Qxg3+ 29. Kxg3 1-0